| 000 | 00653nam a22002055i 4500 | ||
|---|---|---|---|
| 001 | 168622 | ||
| 003 | ES-MaACL | ||
| 005 | 20250523062602.0 | ||
| 008 | 080424s2006 sp |||| | spa d | ||
| 020 | _a84-85708-687 | ||
| 080 | _a821.131.1-14"19" | ||
| 100 | 1 |
_aBelli, Giuseppe Gioachino. _9137690 |
|
| 245 | 1 | 0 |
_a47 sonetos romanescos / _cGiuseppe-Gioachino Belli ; con las versiones de Agustín García Calvo. |
| 250 | _a1ª ed. | ||
| 260 |
_aZamora : _bLucina, _c2006. |
||
| 300 |
_a113 p. ; _c19 cm. |
||
| 700 | 1 |
_aGarcía Calvo, Agustín, _d1926-2012 _9233841 |
|
| 852 |
_aES-MaACL _jL-29359 _9R.143369 |
||
| 999 |
_c168622 _d168622 |
||